Historical overview of the economic sociology

Významné osobnosti v histórii ekonomickej sociológie. Pohľad na vývoj v 19. a 20. storočí.

Guardado en:
Detalles Bibliográficos
Autor principal: Jurkovičová, Lujza
Otros Autores: Rišková, Viktoria
Formato: Capítulo de libro
Lenguaje:inglés
Materias:
Etiquetas: Agregar Etiqueta
Sin Etiquetas, Sea el primero en etiquetar este registro!

MARC

LEADER 00000naa a2200000 4500
001 0163798
005 20240530081922.1
041 0 |a eng 
044 |a SK 
245 1 0 |a Historical overview of the economic sociology  |c Lujza Jurkovičová, Viktoria Rišková 
520 |a Významné osobnosti v histórii ekonomickej sociológie. Pohľad na vývoj v 19. a 20. storočí. 
610 2 0 |a história 
610 2 0 |a sociológia 
610 2 0 |a ekonómia 
610 2 0 |a spoločnosť 
610 2 0 |a rozvoj sociálny 
100 1 |a Jurkovičová, Lujza 
700 1 |a Rišková, Viktoria